000 00465nam a2200193Ia 4500
005 20220810152323.0
008 131103s9999 xx 000 0 und d
020 _a451189353
040 _aLoreto College
041 _aEnglish
082 _aF
_bHIG
100 _aHiggins,Jack
245 _aDrink with the devil
_cJack Higgins
260 _aLondon
_bA Signet Book
_c1996
300 _a312 p.
650 _aFiction in English
850 _aLCLIB
942 _cBK
999 _c14899
_d65378